| 000 | 02185nam a2200241Ia 4500 | ||
|---|---|---|---|
| 999 |
_c34451 _d34451 |
||
| 001 | 196 | ||
| 003 | GE_BSU | ||
| 005 | 20220818120556.0 | ||
| 008 | 181216s20082009ge |||||||||||||| ||geo|| | ||
| 020 | _a9789992863244 | ||
| 040 | _cGE_BSU | ||
| 041 | _ageo | ||
| 080 | _a615(075.8) თ–87 | ||
| 100 |
_aთურმანაული, გიორგი _96284 |
||
| 245 |
_aსამედიცინო ბაზისური ფარმაკოლოგია : _bჯანმრთ. დაცვის მსოფლიო ორგანიზაციის (ჯანმო-ს) მიერ რეკომენდ. სამკურნალო პრეპარატებით : ძირითადი სახელმძღვ. (ერთ ტომად) : შედგენილია ახალი სასწ. პროგრამით: სილაბუსის და საგნის სტანდარტის (25 გვერდის მოცულობით) ECTS-ის მოთხოვნებით : საკრედიტო სწავლებისათვის / _c გიორგი (გივი) თურმანაული ; [რედ. ნელი ანთელავა] ; თბილ. სახელმწ. სამედ. უნ-ტის სამედ. ფარმაკოლ. დეპარტამენტი (კათედრა). |
||
| 264 |
_aთბილისი : _b"ცის ნამის" გამ-ბა და სტ., _c2008/2009. |
||
| 300 |
_a934 გვ.: _bილ. ; _c25 სმ. |
||
| 500 | _aმე-8 გადამუშავებული და ახალი მასალით შევსებული გამოცემა. | ||
| 653 | _aსამედიცინო ბაზისური ფარმაკოლოგია | ||
| 700 |
_aანთელავა, ნელი _eრედაქტორი _93186 |
||
| 710 |
_a თბილ. სახელმწ. სამედ. უნ-ტის სამედ. ფარმაკოლ. დეპარტამენტი (კათედრა). _914534 |
||
| 942 |
_cBK _2udc |
||